Union of the Comoros : Staff Report for the 2014 Article IV Consultation.

KEY ISSUES -- The Comorian economy continues to grow although at a slightly slower pace. Economic growth in 2014 is projected at 3.3 percent, adversely affected by electricity disruptions and slower-than-expected implementation of the public investment program. Inflation has remained subdued. Staffs...

Celý popis

Podrobná bibliografie
Korporativní autor: International Monetary Fund. African Dept
Médium: Časopis
Jazyk:English
Vydáno: Washington, D.C. : International Monetary Fund, 2015.
Edice:IMF Staff Country Reports; Country Report ; No. 2015/034
On-line přístup:Full text available on IMF
LEADER 02951cas a2200241 a 4500
001 AALejournalIMF015015
008 230101c9999 xx r poo 0 0eng d
020 |c 5.00 USD 
020 |z 9781484320860 
022 |a 1934-7685 
040 |a BD-DhAAL  |c BD-DhAAL 
110 2 |a International Monetary Fund.  |b African Dept. 
245 1 0 |a Union of the Comoros :   |b Staff Report for the 2014 Article IV Consultation. 
264 1 |a Washington, D.C. :  |b International Monetary Fund,  |c 2015. 
300 |a 1 online resource (78 pages) 
490 1 |a IMF Staff Country Reports 
500 |a <strong>Off-Campus Access:</strong> No User ID or Password Required 
500 |a <strong>On-Campus Access:</strong> No User ID or Password Required 
506 |a Electronic access restricted to authorized BRAC University faculty, staff and students 
520 3 |a KEY ISSUES -- The Comorian economy continues to grow although at a slightly slower pace. Economic growth in 2014 is projected at 3.3 percent, adversely affected by electricity disruptions and slower-than-expected implementation of the public investment program. Inflation has remained subdued. Staffs' baseline assumption is that real GDP growth will average around 4 percent per annum over the medium term, provided reforms are implemented. -- Implementation of the 2014 budget was challenging, particularly after mid-year. While revenues were broadly on target, resources were inadequate to meet the higher- than-budgeted wage bill resulting from an increase in teacher salaries in March and previously un-budgeted expenditures, including on elections. Domestically-financed investment spending was severely constrained and temporary arrears were incurred on salaries and external debt. -- The key short-term challenge is to find a better balance between available resources and expenditures so that arrears can be avoided. Spending plans need to be based on realistic expectations of the resources likely to be available. The 2015 budget is premised on this principle but the scope for domestically-financed investment is inadequate as obligatory spending on wages and salaries and debt service absorbs most of domestic revenue. -- For the medium-term the key challenges are to create fiscal space for infrastructure investment and social spending, accelerate inclusive growth and employment generation, and reduce poverty. The authorities need to focus their efforts on strengthening revenue administration and public financial management to expand fiscal space and improve transparency. Weaknesses in the business environment, including inadequate infrastructure, especially in the energy sector, and difficulties in contract enforcement represent important challenges. 
538 |a Mode of access: Internet 
830 0 |a IMF Staff Country Reports; Country Report ;  |v No. 2015/034 
856 4 0 |z Full text available on IMF  |u http://elibrary.imf.org/view/journals/002/2015/034/002.2015.issue-034-en.xml  |z IMF e-Library